[Event "10th Amitie"]
[Site "Bagneux FRA"]
[Date "2002.12.14"]
[Round "6"]
[White "De Sousa,Jos"]
[Black "Peyrat,O"]
[Result "1/2-1/2"]
[WhiteElo "2304"]
[BlackElo "2300"]

1.e4 d6 2.d4 Nf6 3.Nc3 e5 4.Nge2 Nbd7 5.f3 c6 6.Be3 a6 7.g4 Qc7 8.Ng3 b5
9.g5 Ng8 10.Qd2 h6 11.h4 hxg5 12.hxg5 Rxh1 13.Nxh1 Ne7 14.O-O-O Ng6 15.Ng3 Bb7
16.Nf5 Rd8 17.Bh3 Nb6 18.b3 b4 19.Nb1 c5 20.d5 Ra8 21.Bf1 Bc8 22.Qh2 Ne7
23.Nxe7 Qxe7 24.Nd2 g6 25.Qh8 Bd7 26.Re1 Bb5 27.Bh3 a5 28.f4 a4 29.fxe5 Qxe5
30.Qxe5+ dxe5  1/2-1/2

[Event "Salona Rapid 1hr"]
[Site "Solin-Spilt CRO"]
[Date "2002.12.14"]
[Round "5"]
[White "Roschina,T"]
[Black "Dizdarevic,E"]
[Result "1-0"]
[WhiteElo "2265"]
[BlackElo "2520"]

1.e4 d6 2.d4 Nf6 3.Nc3 e5 4.Nf3 Nbd7 5.Bc4 Be7 6.O-O O-O 7.a4 c6 8.h3 Qc7
9.a5 exd4 10.Nxd4 Re8 11.Re1 Ne5 12.Bb3 Nfd7 13.Be3 Nc5 14.Ba2 Bf8 15.b4 Ne6
16.Nde2 g6 17.Qd2 Ng7 18.f4 Nd7 19.Nd4 Nf6 20.Bf2 d5 21.exd5 Rxe1+ 22.Bxe1 Bxb4
23.Ncb5 Bxd2 24.Nxc7 Be3+ 25.Bf2 Bxf2+ 26.Kxf2 Rb8 27.dxc6 bxc6 28.Nxc6 Rb7
29.Nd5 Nxd5 30.Bxd5 Rc7 31.c4 Bb7 32.Ne5 Bxd5 33.cxd5 Rc2+ 34.Kf3 Rd2 35.Nc6 Nf5
36.g4 Nd6 37.a6 Rd3+ 38.Ke2 Rxh3 39.Nxa7 Ne4 40.Nb5 Rh2+ 41.Kf3  1-0

[Event "ch-Balkan w"]
[Site "Istanbul TUR"]
[Date "2002.12.15"]
[Round "7"]
[White "Makropoulou,M"]
[Black "Ionica,I"]
[Result "1-0"]
[WhiteElo "2272"]
[BlackElo "2203"]

1.e4 d6 2.d4 Nf6 3.Nc3 e5 4.dxe5 dxe5 5.Qxd8+ Kxd8 6.Bg5 Be6 7.f4 h6 8.Bxf6+ gxf6
9.f5 Bd7 10.Bc4 Rh7 11.O-O-O c6 12.a4 a5 13.Nge2 Kc7 14.Rd3 Na6 15.Bxa6 Rxa6
16.Rhd1 Bc8 17.Kb1 Rb6 18.Rd8 Bc5 19.Rg8 Bd7 20.Rd3 Rb4 21.b3 Bf2 22.Kc1 Be1
23.Kd1 Bxc3 24.Nxc3 Rd4 25.Ke2 Rxd3 26.Kxd3 b6 27.Ke3 Bc8 28.Nd1 Ba6 29.c4 b5
30.cxb5 cxb5 31.Nc3 Bb7 32.Nxb5+ Kd7 33.h4 h5 34.Na3 Ba6 35.Nc4 Bxc4 36.bxc4 Kc6
37.Kd3 Kc5 38.Kc3 Kc6 39.Rc8+ Kb7 40.Rg8 Kc6 41.Ra8 Kb6 42.c5+ Kxc5 43.Rxa5+ Kb6
44.Ra8 Rg7 45.Rf8 Kc5 46.Rc8+ Kb6 47.Kb4 Rxg2 48.a5+ Kb7 49.Rf8 Rg4 50.Kb5 Rxe4
51.a6+ Ka7 52.Rxf7+ Ka8 53.Rxf6 Rxh4 54.Re6 Rf4 55.f6 Rf1 56.Re8+ Ka7 57.Re7+  1-0

[Event "Bundesliga 2002-3"]
[Site "Luebeck GER"]
[Date "2002.12.15"]
[Round "6"]
[White "Hansen,SuB"]
[Black "Maiwald,JU"]
[Result "1-0"]
[WhiteElo "2555"]
[BlackElo "2516"]

1.e4 d6 2.d4 Nf6 3.Nc3 e5 4.Nf3 Nbd7 5.Bc4 Be7 6.O-O O-O 7.Re1 c6 8.a4 b6
9.Bg5 a6 10.Ba2 Rb8 11.h3 b5 12.Qd3 Qc7 13.axb5 axb5 14.Ne2 h6 15.Bh4 c5
16.c3 c4 17.Qc2 Ra8 18.b3 g5 19.Bg3 Bb7 20.Nd2 cxb3 21.Bxb3 Qc6 22.f3 Rfc8
23.Rxa8 Rxa8 24.Rd1 Qb6 25.Bf2 Qc7 26.Nf1 Nb6 27.Ne3 Nc4 28.Bxc4 bxc4 29.Nf5 Bf8
30.h4 Bc8 31.Neg3 gxh4 32.Nxh4 Nh7 33.Nhf5 Ng5 34.Be3 f6 35.Rf1 Be6 36.f4 exf4
37.Bxf4 Bf7 38.Ne3 Qb7 39.Ng4 Bg7 40.Bxd6 Bg6 41.Nxf6+ Bxf6 42.Rxf6 Bxe4
43.Qf2 Kh7 44.Kh2 Bg6 45.Rxg6  1-0

[Event "XV Carlos Torre"]
[Site "Merida MEX"]
[Date "2002.12.15"]
[Round "3"]
[White "Dominguez,L"]
[Black "Georgiev,Vl"]
[Result "1/2-1/2"]
[WhiteElo "2608"]
[BlackElo "2501"]

1.e4 d6 2.d4 Nf6 3.Nc3 e5 4.Nf3 Nbd7 5.Bc4 Be7 6.O-O O-O 7.Re1 c6 8.a4 a5
9.b3 exd4 10.Nxd4 Nc5 11.Bb2 Be6 12.Bf1 Qb6 13.g3 Rad8 14.Bg2 Ne8 15.Nd5 cxd5
16.exd5 Nc7 17.dxe6 fxe6 18.Qd2 Bf6 19.Bc3 Ra8 20.Rad1 d5 21.Ne2 Bxc3 22.Nxc3 N5a6
23.Nb5 Rf6 24.Nd4 Nb4 25.f4 Nc6 26.Kh1 Rd8 27.Qe3 Qc5 28.Nxc6 Qxe3 29.Rxe3 bxc6
30.Rc3 Rd6 31.Rc5 g5 32.fxg5 Rf5 33.Rf1 Rxg5 34.Rxa5 e5 35.Ra7 Rg7 36.a5 e4
37.a6 Rd8 38.Rf6 Re8 39.Kg1 e3 40.Kf1 Ne6 41.Rb7 Nd4 42.Bf3 Rxb7 43.axb7 Kg7
44.Rf4 Nxc2 45.Ra4 Rf8 46.Ke2 Rb8 47.Kd1 e2+ 48.Bxe2 Ne3+ 49.Kd2 Nf5 50.Ra7 Nd6
51.Ba6 Ne4+ 52.Kc2 Nc5 53.Ra8 Nxa6 54.Rxa6 Rxb7 55.Rxc6 Kf7 56.Rd6 Rb5 57.Rd7+ Ke6
58.Rxh7 Rc5+ 59.Kd3 Rb5 60.Kc3 Rc5+ 61.Kd4 Rb5 62.Rh6+ Kf5 63.Rh5+ Kg4 64.Rh4+ Kf3
65.Kc3 Ke3 66.Rh8 Rc5+ 67.Kb4 Rc2 68.Re8+ Kd3 69.h4 d4 70.h5 Rh2 71.g4 Rh4
72.Rg8 Kc2 73.Rc8+ Kd2 74.Rd8 d3 75.Kc5 Rxg4 76.b4 Kc3 77.b5 Rc4+ 78.Kb6 d2
79.h6 Rh4 80.Ka7 Ra4+ 81.Kb7 Ra1 82.b6 Rh1 83.Ka7 Rxh6  1/2-1/2

[Event "Cerrado CEMAR A"]
[Site "Mondariz ESP"]
[Date "2002.12.15"]
[Round "1"]
[White "Lacasa Diaz,J"]
[Black "Hoffman,A"]
[Result "1/2-1/2"]
[WhiteElo "2424"]
[BlackElo "2504"]

1.e4 d6 2.d4 Nf6 3.Nc3 e5 4.Nf3 Nbd7 5.Bc4 Be7 6.O-O O-O 7.Re1 c6 8.a4 b6
9.d5 cxd5 10.Nxd5 Nxd5 11.Bxd5 Rb8 12.Nd2 Nf6 13.Nf1 Nxd5 14.Qxd5 Qc7 15.Ne3 Be6
16.Qd1 Rbc8 17.c3 Qb7 18.Nd5 Bd8 19.Be3 h6 20.f3 Bh4 21.Rf1 f5 22.Qd3 f4
23.Bf2 Bxf2+ 24.Rxf2 Bxd5 25.exd5 Rc5 26.c4 Rfc8 27.b3 a6 28.h3 Qd7  1/2-1/2

[Event "Christmas Open"]
[Site "Zadar CRO"]
[Date "2002.12.15"]
[Round "2"]
[White "Palac,M"]
[Black "Jurkovic,A"]
[Result "1/2-1/2"]
[WhiteElo "2568"]
[BlackElo "2340"]

1.e4 d6 2.d4 Nf6 3.Nc3 Nbd7 4.Nf3 e5 5.Bc4 Be7 6.O-O O-O 7.a4 a5 8.Re1 c6
9.h3 h6 10.Ba2 Re8 11.Be3 Qc7 12.Nh4 Nf8 13.Qf3 Ne6 14.dxe5 dxe5 15.Nf5 Ng5
16.Bxg5 hxg5 17.Rad1 Rf8 18.Rd3 g6 19.Nxe7+ Qxe7 20.Red1 Kg7 21.Qe3 Nh5 22.Rd6 Nf4
23.Ne2 Re8 24.Bc4 Be6 25.Bxe6 Nxe6 26.Qc3 Qf6 27.Rd7 b5 28.R1d3 bxa4 29.g3 Rad8
30.Rxd8 Rxd8 31.Qxa5 Rb8 32.Qc3 c5 33.Rf3 Nd4 34.Nxd4 exd4 35.Qxc5 Qxf3 36.Qe5+ Kh7
37.Qxb8 Qd1+ 38.Kg2 Qxc2 39.Qe8 Qc4 40.Qd7 Kg7 41.e5 d3 42.e6 Qe4+ 43.Kg1 Qe1+
44.Kg2 Qe4+  1/2-1/2

[Event "XV Carlos Torre"]
[Site "Merida MEX"]
[Date "2002.12.16"]
[Round "4"]
[White "Espinosa,Ra MEX"]
[Black "Mitkov,N"]
[Result "1/2-1/2"]
[WhiteElo "2414"]
[BlackElo "2529"]

1.e4 d6 2.d4 Nf6 3.Nc3 e5 4.dxe5 dxe5 5.Qxd8+ Kxd8 6.Bc4 Ke8 7.Bd2 a6 8.a4 Bd6
9.Nge2 Nc6 10.f3 Nb4 11.O-O-O Be6 12.Bxe6 fxe6 13.Be3 Ke7 14.Kb1 Nc6 15.Nc1 Rhb8
16.Nd3 b5 17.b3 Nd7 18.Kb2 Nb6 19.Bxb6 Rxb6 20.Ra1 Rab8 21.axb5 axb5 22.Ne2 Nd8
23.f4 Nc6 24.g3 Rf8 25.Rhf1 g6 26.Rf2 Rbb8 27.Raf1 Kd7 28.Nc3 Rf7 29.f5 exf5
30.exf5 Nd4 31.fxg6 Rxf2 32.Rxf2 hxg6 33.Ne4 Rh8  1/2-1/2

[Event "19th WJun Girls"]
[Site "Goa IND"]
[Date "2002.12.17"]
[Round "10"]
[White "Milliet,S"]
[Black "Moser,E"]
[Result "0-1"]
[WhiteElo "2164"]
[BlackElo "2371"]

1.e4 d6 2.d4 Nf6 3.Nc3 Nbd7 4.f4 e5 5.dxe5 dxe5 6.fxe5 Nxe5 7.Qxd8+ Kxd8
8.Bg5 c6 9.Nf3 Bd6 10.O-O-O Kc7 11.h3 Nh5 12.Rxd6 Kxd6 13.Be2 Ng6 14.Rd1+ Kc7
15.Nh4 Nhf4 16.Nf5 f6 17.Bxf4+ Nxf4 18.Rf1 g5 19.g3 Bxf5 20.exf5 Nxe2+ 21.Nxe2 Rad8
22.g4 h5 23.c3 hxg4 24.hxg4 Rh4 25.Nd4 Rxd4 26.cxd4 Rxg4 27.Re1 Rf4 28.Re7+ Kb6
29.d5 Rc4+ 30.Kd2 Rd4+ 31.Ke3 Rxd5 32.Ke4 Rd1 33.Rf7 Rd6 34.Re7 a5 35.b3 Kc5
36.Kf3 Rd4 37.Rxb7 Rf4+ 38.Kg3 Rxf5 39.Ra7 Kb4 40.Rc7 c5 41.Re7 Ka3 42.Re2 Rf4
43.Rc2 Kb4 44.Rc1 c4 45.bxc4 Rxc4 46.Rf1 Rf4 47.Rc1 a4 48.Rc6 Rf1 49.Kg4 Rf2
50.a3+ Kxa3 51.Rb6 Rf4+ 52.Kg3 Ka2 53.Rb8 a3 54.Rb7 Ka1 55.Rb8 a2 56.Kg2 f5
57.Kg3 Rf1  0-1

[Event "XII It"]
[Site "Elgoibar ESP"]
[Date "2002.12.19"]
[Round "8"]
[White "Perez,Rod"]
[Black "Argandona Rivero,I"]
[Result "1-0"]
[WhiteElo "2428"]
[BlackElo "2284"]

1.e4 d6 2.d4 Nf6 3.Nc3 e5 4.Nf3 Nbd7 5.Bc4 Be7 6.O-O O-O 7.Re1 c6 8.a4 b6
9.b3 a6 10.Bb2 Qc7 11.Qd2 Bb7 12.Rad1 b5 13.Bd3 b4 14.Ne2 c5 15.dxe5 Nxe5
16.Nxe5 dxe5 17.Ng3 g6 18.Qg5 Nxe4 19.Qxe5 Qxe5 20.Bxe5 Nxg3 21.hxg3 Rfe8
22.Bc4 Bf8 23.Bf6 Rxe1+ 24.Rxe1 Bc6 25.Rd1 h5 26.Kf1 Re8 27.f3 Ra8 28.Kf2 Re8
29.Rd3 Ra8 30.Rd2 Re8 31.Kf1 Ra8 32.Rd1 Re8 33.Bd8 Bg7 34.Rd6 Be5 35.Rxc6 Rxd8
36.Rxg6+ Kf8 37.Rg5 Bc3 38.Rxh5 Rd1+ 39.Ke2 Rd2+ 40.Ke3 Rxg2 41.Bxa6 Bd4+
42.Kd3 Rxg3 43.Bb7 Rg1 44.a5 Rd1+ 45.Ke2 Rc1 46.Kd2 Ra1 47.a6 Ra2 48.Kd3 Ke8
49.Rd5 Ke7 50.f4 Ke6 51.f5+ Kf6 52.Bc8 Bg1 53.Rd8 Ke5 54.Rf8 f6 55.Re8+ Kd6
56.Bb7 Kc7 57.Rc8+ Kd7 58.Rg8 Bf2 59.Rg7+ Kd8 60.Rg2 Bd4 61.Kc4 Ra5 62.Kd5 Kc7
63.Rg7+ Kb6 64.Bc8 Ra1 65.Rb7+ Kxa6 66.Kc6 c4 67.Rd7+ Ka5 68.Rd5+  1-0

[Event "19th WJun Girls"]
[Site "Goa IND"]
[Date "2002.12.19"]
[Round "12"]
[White "Moser,E"]
[Black "Koneru,H"]
[Result "0-1"]
[WhiteElo "2371"]
[BlackElo "2484"]

1.e4 d6 2.d4 Nf6 3.Nc3 c6 4.Nf3 Bg4 5.h3 Bh5 6.Bd3 e6 7.Be3 Be7 8.Qd2 d5
9.exd5 Bxf3 10.gxf3 cxd5 11.Rg1 g6 12.Ne2 a6 13.Nf4 Nc6 14.c3 Bd6 15.Be2 Na5
16.b3 Qc7 17.Nd3 Rc8 18.Rc1 Nc6 19.Bh6 Nd7 20.f4 Ba3 21.Rb1 Ne7 22.Bg4 Qxc3
23.Qxc3 Rxc3 24.Kd2 Rc8 25.b4 Nb6 26.Rg3 Nc4+ 27.Ke2 a5 28.bxa5 Nc6 29.Rxb7 N4xa5
30.Rb1 Nxd4+ 31.Kf1 Bf8 32.Bg5 Bg7 33.Re3 Nc4 34.Rb7 Nxe3+ 35.fxe3 Nf5 36.Bxf5 gxf5
37.Be7 Rg8 38.a4 Bf8 39.Bf6 Rg6 40.Bd4 f6 41.a5 Ra8 42.Rb5 Rg7 43.Bxf6 Rga7
44.Bc3 Bd6 45.Rb6 Ra6 46.Rb2 Bc7 47.Rb7 Bxa5 48.Bd4 Bd8 49.Rxh7 Be7 50.Rh8+ Kd7
51.Rh7 Ke8 52.Rh8+ Bf8 53.Ne5 Rc8 54.Kf2 Raa8 55.Kf3 Ke7 56.Rh7+ Kd8 57.Ng6 Bd6
58.h4 Ra2 59.Bf6+ Ke8 60.Rh8+ Kd7 61.Rh7+ Kc6 62.h5 Kb5 63.h6 Rcc2 64.Bh4 Rh2
65.Bg3 Rh1 66.Bh4 Rhh2 67.Rb7+ Kc6 68.Rh7 d4 69.Bg3 Rh3 70.Nh4 d3 71.Rg7 d2
72.Ke2 Rh1  0-1

[Event "Cerrado CEMAR A"]
[Site "Mondariz ESP"]
[Date "2002.12.19"]
[Round "5"]
[White "Cheparinov,I"]
[Black "Hoffman,A"]
[Result "1/2-1/2"]
[WhiteElo "2473"]
[BlackElo "2504"]

1.e4 d6 2.d4 Nf6 3.Nc3 e5 4.Nf3 Nbd7 5.Bc4 Be7 6.O-O O-O 7.Re1 c6 8.a4 b6
9.d5 cxd5 10.Bxd5 Nxd5 11.Nxd5 Bb7 12.c4 Bxd5 13.Qxd5 Qc7 14.b3 a6 15.Be3 Rab8
16.Nd2 Rfd8 17.Rec1 Nc5 18.b4 a5 19.b5 h6 20.Rc3 Bg5 21.Nf1 Qb7  1/2-1/2

[Event "XV Carlos Torre"]
[Site "Merida MEX"]
[Date "2002.12.20"]
[Round "8"]
[White "Estrada Nieto,J"]
[Black "Baldursson,Hr"]
[Result "1-0"]
[WhiteElo "2345"]
[BlackElo "2100"]

1.e4 d6 2.d4 Nf6 3.Nc3 c6 4.a4 g6 5.Nf3 Bg7 6.Be2 O-O 7.O-O Bg4 8.h3 Bxf3
9.Bxf3 Nbd7 10.Be3 Rc8 11.a5 c5 12.a6 bxa6 13.Rxa6 cxd4 14.Bxd4 Nb8 15.Ra4 Nc6
16.Bxa7 Nxa7 17.Rxa7 Nd7 18.Bg4 Rc7 19.Rxc7 Qxc7 20.Nd5 Qd8 21.Bxd7 Qxd7
22.c3 Rb8 23.Qe2 e6 24.Nb4 d5 25.exd5 exd5 26.Rd1 d4 27.Qf3 Qe6 28.Nc6 Rxb2
29.cxd4 Bf6 30.d5 Qd6 31.Na5 Rc2 32.Nb7 Qb6 33.d6 Bd4 34.d7 Rxf2 35.Rxd4  1-0

[Event "TSGM Dec"]
[Site "Belgrade YUG"]
[Date "2002.12.21"]
[Round "1"]
[White "Abergel,T"]
[Black "Tadic,B"]
[Result "1-0"]
[WhiteElo "2361"]
[BlackElo "2480"]

1.e4 d6 2.d4 Nf6 3.Nc3 e5 4.Nf3 Nbd7 5.Be2 Be7 6.O-O O-O 7.h3 Re8 8.Be3 c6
9.Qd2 b5 10.a3 Bb7 11.b4 a6 12.Rfd1 Qc7 13.Bg5 Bf8 14.dxe5 dxe5 15.Rab1 h6
16.Bh4 c5 17.Bd3 Rac8 18.Na2 c4 19.Be2 Bxe4 20.Nc3 Bc6 21.Qe3 Re6 22.Nh2 Qb7
23.Bf3 e4 24.Bg4 Nxg4 25.hxg4 Bd6 26.Nf1 Ne5 27.Qh3 Ng6 28.Bg3 Be7 29.Ne3 Qa7
30.Ne2 Bf6 31.c3 Ne5 32.Nf4 Ree8 33.Nh5 Bg5 34.Bxe5 Rxe5 35.Qg3 Rce8 36.Nf4 Qc7
37.Ne2 Bf6 38.Rd2 Bb7 39.Rbd1 R5e7 40.Nf5 Re5 41.Rd7 Qc8 42.Qe3 Rd8 43.Rxd8+ Bxd8
44.Qd4 Bf6 45.Qxe5 Bxe5 46.Ne7+ Kh7 47.Nxc8 Bxc8 48.f3 Kg6 49.Kf2 exf3 50.gxf3 f5
51.Rd8 Bb7 52.gxf5+ Kxf5 53.Rh8 Bc7 54.Nd4+ Kf6 55.Ke3 Kf7 56.f4 Bd6 57.Nf3 Bc7
58.Ne5+ Ke7 59.Rg8 Kf6 60.Rf8+ Ke6 61.Rf7 Bxe5 62.Rxb7 Bxc3 63.Rb6+ Kd5 64.Rxa6 Bd4+
65.Ke2 h5 66.a4 bxa4 67.Rxa4 h4 68.Ra5+ Ke4 69.Rh5 Bf6 70.b5 Bd8 71.Rh8 Bb6
72.Rxh4 c3 73.f5+ Kxf5 74.Rc4  1-0

[Event "XV Carlos Torre"]
[Site "Merida MEX"]
[Date "2002.12.21"]
[Round "9"]
[White "Martin del Campo,R"]
[Black "Georgiev,Vl"]
[Result "0-1"]
[WhiteElo "2421"]
[BlackElo "2501"]

1.e4 d6 2.d4 Nf6 3.Nc3 e5 4.dxe5 dxe5 5.Qxd8+ Kxd8 6.Bg5 c6 7.O-O-O+ Ke8
8.f3 Be6 9.Nge2 Nbd7 10.Kb1 b5 11.Ng3 g6 12.Be2 Bc5 13.Nf1 Bd4 14.Bd2 b4
15.Na4 Nb6 16.Nxb6 axb6 17.Bxb4 Bxa2+ 18.Kc1 Be6 19.c3 Bf2 20.Kc2 Nd7 21.Nd2 Bc5
22.Bxc5 Nxc5 23.Bc4 b5 24.Nb3 Nxb3 25.Bxb3 Ke7 26.Bxe6 Kxe6 27.Rd2 Rhd8 28.Rxd8 Rxd8
29.Ra1 f5 30.Re1 h5 31.Re2 Ra8 32.Re1 g5 33.h3 fxe4 34.fxe4 Rf8 35.Kd3 Rf2
36.Re2 Rf1 37.Ke3 c5 38.Rf2 Rb1 39.Rd2 c4 40.Kf2 Ra1 41.Rd5 b4 42.cxb4 Ra2
43.b5 c3 44.Rd1 cxb2 45.Rb1 Kd6 46.Ke3 Kc5 47.Kd3 Kxb5 48.Kc3 Kc5 49.Kb3 Ra8  0-1

[Event "AIG Life rapid"]
[Site "Warsaw POL"]
[Date "2002.12.21"]
[Round "2"]
[White "Aleksandrov,A"]
[Black "Swicarz,M"]
[Result "1-0"]
[WhiteElo "2621"]
[BlackElo "2309"]

1.d4 d6 2.e4 Nf6 3.Nc3 Nbd7 4.Be3 e5 5.d5 c5 6.a4 g6 7.h3 Bg7 8.Nf3 O-O 9.Be2 Ne8
10.g4 a6 11.h4 f5 12.gxf5 gxf5 13.exf5 Ndf6 14.h5 Bxf5 15.h6 Bh8 16.Nh4 Qd7
17.Bh5 Nxh5 18.Rg1+ Nhg7 19.a5 Nf6 20.Nxf5 Qxf5 21.Qe2 Kf7 22.hxg7 Bxg7 23.Rg5 Qh3
24.O-O-O Rg8 25.Rg3 Qd7 26.Qf3 Raf8 27.Ne4 Ke8 28.Ng5 Qa4 29.Kb1 Bh8 30.Qh1 c4
31.Bc1 Qxa5 32.Qh3 Qc7 33.Ne6 Qd7 34.Rc3 b5 35.Ra3 Rf7 36.Rxa6 Qb7 37.Qa3 Rd7
38.Rxd6 b4 39.Qa4 Ne4 40.Rxd7 Qxd7 41.Qxb4 Nxf2 42.Rf1 Qxd5 43.Nc7+  1-0

[Event "Christmas Open"]
[Site "Zadar CRO"]
[Date "2002.12.21"]
[Round "8"]
[White "Brkic,I"]
[Black "Jurkovic,A"]
[Result "0-1"]
[WhiteElo "2106"]
[BlackElo "2340"]

1.e4 d6 2.d4 Nf6 3.Nc3 Nbd7 4.Be3 e5 5.f3 c6 6.Qd2 Be7 7.Nge2 O-O 8.O-O-O b5
9.d5 b4 10.Na4 cxd5 11.exd5 Qa5 12.b3 Nb6 13.Bxb6 axb6 14.c3 bxc3 15.Nexc3 Bd7
16.Qd3 Qb4 17.Qc4 Qa3+ 18.Kb1 b5 19.Nxb5 Bxb5 20.Qxb5 Rfb8 21.Rd2 Rxb5 22.Bxb5 Qb4  0-1

[Event "5th It"]
[Site "Ramat-Aviv ISR"]
[Date "2002.12.24"]
[Round "1"]
[White "Tseitlin,Ma"]
[Black "Botvinnik,Il"]
[Result "1-0"]
[WhiteElo "2472"]
[BlackElo "2431"]

1.e4 d6 2.d4 Nf6 3.Nc3 Nbd7 4.f4 e5 5.Nf3 exd4 6.Qxd4 c6 7.Be3 d5 8.exd5 Bc5
9.Qd3 Qe7 10.Kd2 cxd5 11.Re1 O-O 12.Bd4 Qd8 13.Kc1 Bd6 14.Be5 Nc5 15.Qd4 Ne6
16.Qd2 Bb4 17.Bd3 Ng4 18.a3 Nxe5 19.fxe5 Ba5 20.b4 d4 21.Ne4 Bc7 22.Nf6+ Qxf6
23.exf6 Bf4 24.fxg7 Kxg7 25.Re4 Bxd2+ 26.Kxd2 h5 27.Nxd4 Nxd4 28.Rxd4 Be6
29.Re1 Rad8 30.Rxd8 Rxd8 31.Re5 h4 32.Rh5 h3 33.gxh3 Kf6 34.Ke3 b6 35.a4 Rd7
36.a5 bxa5 37.Rxa5 Bxh3 38.c4 Ke6 39.c5 Rb7 40.Bc4+ Ke7 41.b5 Rc7 42.Kd4 Rd7+
43.Kc3 f5 44.Ra6 Bg2 45.Rg6  1-0

[Event "11th Donau Open"]
[Site "Aschach AUT"]
[Date "2002.12.29"]
[Round "5"]
[White "Roth,Pe"]
[Black "Walch,I"]
[Result "1/2-1/2"]
[WhiteElo "2323"]
[BlackElo "2143"]

1.e4 d6 2.d4 Nf6 3.Nc3 e5 4.Nf3 Nbd7 5.Bc4 Be7 6.O-O O-O 7.Re1 c6 8.a4 b6
9.h3 a6 10.Ba2 Qc7 11.dxe5 dxe5 12.Nh4 Re8 13.Nf5 Bf8 14.Qf3 Nc5 15.Bg5 Ne6
16.Bxf6 gxf6 17.Rad1 b5 18.Rd3 Kh8 19.Qg4 b4 20.Nd1 Ng7 21.Rg3 Bxf5 22.exf5 Rad8
23.Qh4 Qe7 24.Ne3 Rd4 25.Rg4 Red8 26.Bc4 a5 27.b3 R8d6 28.Re2 Qd7 29.Qg3 Rf4
30.Kh2 Rdd4  1/2-1/2

[Event "11th Donau Open"]
[Site "Aschach AUT"]
[Date "2002.12.31"]
[Round "7"]
[White "Evers,U"]
[Black "Walch,I"]
[Result "1/2-1/2"]
[WhiteElo "2209"]
[BlackElo "2143"]

1.Nc3 d6 2.e4 Nf6 3.d4 e5 4.Nf3 Nbd7 5.Bc4 Be7 6.O-O O-O 7.Bg5 c6 8.a4 b6
9.Re1 Qc7 10.Qd2 a6 11.Bf1 h6 12.Bh4 Re8 13.h3 Rb8 14.Rad1 b5 15.axb5 axb5
16.Na2 Bf8 17.Nc1 Bb7 18.dxe5 dxe5 19.c3 g5 20.Bg3 Rbd8 21.Qc2 Nh5 22.Bh2 Nf4
23.g3 Ne6 24.Bg2 f6 25.Kh1 Kg7 26.Nd2 c5 27.Nf1 c4 28.Ne3 Nb6 29.Qe2 Kh7
30.Qf3 Qf7 31.h4 Na4 32.Qe2  1/2-1/2

[Event "Rilton Cup"]
[Site "Stockholm SWE"]
[Date "2002.12.31"]
[Round "5"]
[White "Hunt,H"]
[Black "Eriksson,Jor"]
[Result "1-0"]
[WhiteElo "2406"]
[BlackElo "2224"]

1.e4 d6 2.d4 Nf6 3.Nc3 e5 4.Nf3 Nbd7 5.Bc4 Be7 6.O-O h6 7.Re1 c6 8.a4 b6
9.d5 c5 10.a5 a6 11.axb6 Nxb6 12.Bf1 Qc7 13.Bd2 O-O 14.Nb1 Nh7 15.Ba5 Bd8
16.Nbd2 Ng5 17.Nxg5 hxg5 18.Re3 Qe7 19.Rea3 Nd7 20.Bxd8 Rxd8 21.Bxa6 Nf6
22.Bxc8 Raxc8 23.Qe2 g6 24.Qe3 Nh5 25.Ra7 Qf6 26.g3 Kg7 27.Nf3 Nf4 28.gxf4 gxf4
29.Qe2 Rh8 30.h4 Rxh4 31.Nxh4 Qxh4 32.Ra8 Qg5+ 33.Kf1 Qh4 34.Qf3 Rxa8 35.Rxa8 g5
36.Kg1 f5 37.exf5 Kf6 38.Ra3 g4 39.Qh1 Qg5 40.Ra4 Kxf5 41.Qh7+  1-0

[Event "TCh-NOR Qualifier"]
[Site "NOR"]
[Date "2002.??.??"]
[Round "9"]
[White "Berg,AH"]
[Black "Adnoy,H"]
[Result "1/2-1/2"]
[WhiteElo "2060"]
[BlackElo "2178"]

1.e4 d6 2.d4 Nf6 3.Nc3 e5 4.dxe5 dxe5 5.Qxd8+ Kxd8 6.Nf3 Bd6 7.Bc4 Be6 8.Bxe6 fxe6
9.Be3 Ke7 10.Ke2 Nc6 11.Rhd1 h6 12.Ne1 Ng4 13.Nd3 a6 14.f3 Nxe3 15.Kxe3 Nd4
16.Rd2 c5 17.Ne2 Rhd8 18.c3 Nc6 19.c4 b5 20.b3 Bc7 21.Rdd1 Rd7 22.Nc3 bxc4
23.bxc4 Rd4 24.Nxc5 Rxc4 25.Rd7+ Ke8 26.N3a4 Ra7 27.Rxg7 Bd6 28.Rxa7 Nxa7
29.Kd3 Rd4+ 30.Ke3 Nb5 31.Rc1 Rb4  1/2-1/2

[Event "9th Open"]
[Site "Bosnjaci CRO"]
[Date "2003.01.06"]
[Round "7"]
[White "Zelcic,R"]
[Black "Jurkovic,A"]
[Result "0-1"]
[WhiteElo "2576"]
[BlackElo "2340"]

1.e4 d6 2.d4 Nf6 3.Nc3 Nbd7 4.f4 e5 5.Nf3 exd4 6.Qxd4 c6 7.Be3 d5 8.O-O-O Bc5
9.Qd3 Bxe3+ 10.Qxe3 Qe7 11.Re1 dxe4 12.Nxe4 O-O 13.Bd3 Nxe4 14.Bxe4 Qc5 15.Qd2 Nf6
16.Bd3 Be6 17.Re5 Qb6 18.Kb1 Rad8 19.Qe1 Bd5 20.Rg5 h6 21.Re5 Rfe8 22.Nh4 Rxe5
23.fxe5 Ng4 24.Qg3 Be6 25.Nf5 h5 26.a3 Qf2 27.Ne7+ Kf8 28.Ng6+ Ke8 29.Qf4 fxg6
30.Bxg6+ Kd7 31.Qg5 Qd4 32.Bxh5 Kc8 33.Rc1  0-1

[Event "9th Open"]
[Site "Bosnjaci CRO"]
[Date "2003.01.06"]
[Round "7"]
[White "Horvat,Z"]
[Black "Krstic,U"]
[Result "0-1"]
[WhiteElo "2139"]
[BlackElo "2404"]

1.e4 d6 2.d4 Nf6 3.Nc3 c6 4.a4 Qa5 5.f3 e5 6.Be3 Nbd7 7.Ne2 d5 8.dxe5 Nxe5
9.exd5 Nc4 10.Bd4 Nxb2 11.Qc1 Nc4 12.dxc6 Bb4 13.cxb7 Bxb7 14.Kf2 Rd8 15.Nb5 Bd2
16.Qd1 Rxd4 17.Nexd4 Be3+  0-1

[Event "ch-NZL"]
[Site "Wanganui NZL"]
[Date "2003.01.06"]
[Round "6"]
[White "Mc Laren,L"]
[Black "Bennett,H"]
[Result "1/2-1/2"]
[WhiteElo "2274"]
[BlackElo "2074"]

1.e4 d6 2.Nc3 Nf6 3.d4 c6 4.f4 Qa5 5.Bd3 e5 6.dxe5 dxe5 7.Nf3 Bg4 8.h3 Bxf3
9.Qxf3 Nbd7 10.f5 Nc5 11.Bd2 Qc7 12.Be2 b5 13.b4 Nb7 14.a4 Bxb4 15.axb5 O-O
16.g4 cxb5 17.g5 Bxc3 18.Bxc3 Nxe4 19.Bb4 Nec5 20.f6 e4 21.Qe3 a5 22.fxg7 Rfd8
23.Bxc5 Qxc5 24.Qxc5 Nxc5 25.Bxb5 Kxg7 26.Ke2 Ne6  1/2-1/2

[Event "ch-NZL"]
[Site "Wanganui NZL"]
[Date "2003.01.07"]
[Round "8"]
[White "Cooper,D"]
[Black "Bennett,H"]
[Result "1/2-1/2"]
[WhiteElo "2070"]
[BlackElo "2074"]

1.e4 d6 2.d4 Nf6 3.Nc3 c6 4.a4 Qa5 5.Bd2 Qb6 6.Nf3 Bg4 7.a5 Qc7 8.h3 Bxf3
9.Qxf3 Nbd7 10.Be2 e5 11.d5 Be7 12.O-O O-O 13.Kh1 cxd5 14.exd5 Ne8 15.Rfc1 f5
16.g3 Qd8 17.Qg2 Nef6  1/2-1/2

[Event "XXVIII"]
[Site "Seville ESP"]
[Date "2003.01.17"]
[Round "8"]
[White "Korneev,O"]
[Black "Garcia Luque,A"]
[Result "1-0"]
[WhiteElo "2613"]
[BlackElo "2406"]

1.e4 d6 2.d4 Nf6 3.Nc3 c6 4.f4 g6 5.Nf3 Bg7 6.Bd3 O-O 7.h3 b5 8.O-O Na6 9.a3 b4
10.Ne2 bxa3 11.bxa3 c5 12.c3 cxd4 13.cxd4 Nc7 14.Be3 d5 15.e5 Ne4 16.Rc1 f5
17.Qa4 Bd7 18.Qa5 Nb5 19.Qe1 Nxa3 20.Nc3 e6 21.Ra1 Nc4 22.Bxc4 Nxc3 23.Qxc3 Qc7
24.Rfc1 dxc4 25.d5 exd5 26.Ra5 Rfc8 27.Rca1 a6 28.Rxd5 Bf8 29.Rda5 Rab8 30.Rxa6 Rb3
31.Qc1 Bc5 32.Qxc4+ Be6 33.Qxe6+  1-0

[Event "Brasil BCX"]
[Site "Brasilia BRA"]
[Date "2003.01.18"]
[Round "5"]
[White "Neubauer,M"]
[Black "Lima,Da"]
[Result "1/2-1/2"]
[WhiteElo "2420"]
[BlackElo "2521"]

1.e4 d6 2.d4 Nf6 3.Nc3 e5 4.Nf3 Nbd7 5.Bc4 Be7 6.O-O O-O 7.Re1 c6 8.a4 b6
9.d5 cxd5 10.Nxd5 Nxd5 11.Bxd5 Rb8 12.Qd3 Kh8 13.b3 Nc5 14.Qe2 f5 15.exf5 Bxf5
16.Ba3 Qc7 17.Rad1 Rbc8 18.Nd4 exd4 19.Qxe7 Qxe7 20.Rxe7 Bxc2 21.Rxd4 Rfe8
22.Rxe8+ Rxe8 23.h4 Bxb3 24.Bxb3 Nxb3 25.Rxd6 Kg8 26.Rd7 Re1+ 27.Kh2 Re4
28.Bb2 Rxh4+ 29.Kg3 Rxa4 30.Rxg7+ Kf8 31.Rxh7 Nc5 32.f3 a5 33.Be5 Ra2 34.Kh3 Rd2
35.g4 Nd7 36.Bf4 Rd3 37.g5 Kg8 38.Re7 Rxf3+ 39.Kg4 Rd3 40.g6 Rd5 41.Bh6 Ne5+
42.Kg3  1/2-1/2

[Event "TCh-CZE 2002-3"]
[Site "Czech Rep CZE"]
[Date "2003.01.18"]
[Round "5"]
[White "Gross,Dav CZE"]
[Black "Orsag,Mil1"]
[Result "1/2-1/2"]
[WhiteElo "2462"]
[BlackElo "2392"]

1.e4 d6 2.d4 Nf6 3.Nc3 e5 4.Nf3 Nbd7 5.Bc4 Be7 6.O-O O-O 7.Re1 c6 8.a4 Qc7
9.Bg5 h6 10.Bd2 Re8 11.dxe5 dxe5 12.Nh4 Nc5 13.Qf3 Be6 14.Bxe6 Nxe6 15.Nf5 Nd4
16.Qg3 Nxf5 17.exf5 Kh7 18.Ne4 Qd7 19.Bc3 Qxf5 20.Qxe5 Qxe5 21.Bxe5 Nxe4
22.Rxe4 Bd6 23.Rae1 Bxe5 24.Rxe5 Rxe5 25.Rxe5 Rd8 26.Kf1 f6 27.Re7 Rd2 28.Rxb7 Rxc2
29.b4 Rb2 30.a5 c5 31.b5 c4 32.Rxa7 Rxb5 33.Rc7 Rxa5  1/2-1/2

[Event "TCh-CZE 2002-3"]
[Site "Czech Rep CZE"]
[Date "2003.01.18"]
[Round "5"]
[White "Votava,J"]
[Black "Pribyl,Jo"]
[Result "1-0"]
[WhiteElo "2518"]
[BlackElo "2403"]

1.e4 d6 2.d4 Nf6 3.Nc3 e5 4.Nf3 Nbd7 5.Bc4 Be7 6.O-O O-O 7.Re1 c6 8.a4 b6
9.d5 c5 10.a5 bxa5 11.Nd2 Nb6 12.Rxa5 Ne8 13.Bb5 a6 14.Be2 Bg5 15.Ra2 Nc7
16.Bg4 g6 17.Bxc8 Rxc8 18.Na4 Nxa4 19.Rxa4 f5 20.b3 Ra8 21.Bb2 Bxd2 22.Qxd2 f4
23.f3 g5 24.Rc4 h5 25.Kh1 Rf7 26.Ra1 g4 27.Qe2 Qg5 28.b4 cxb4 29.Rxb4 Rg7
30.c4 Kh7 31.Rb6 Rd8 32.Ba3 Rg6 33.Rb7 Rg7 34.Rb6 Rg6 35.Rb7 Rg7 36.Rab1 Rdd7
37.R7b6 Rg6 38.Rc6 Ne8 39.Rxa6 Rdg7 40.c5 gxf3 41.Qxf3 Qxg2+ 42.Qxg2 Rxg2
43.cxd6 f3 44.Bc5 Nf6 45.Ra7 Nd7 46.Rc1 Re2 47.Rg1 Rf7 48.Rf1 Kg6 49.Rg1+ Kf6
50.Ra3 Rxe4 51.Rxf3+ Rf4 52.Rxf4+ exf4 53.Bd4+ Kf5 54.Re1 Rf8 55.Kg2 Rg8+
56.Kf3 Rg6 57.Re4 Rxd6 58.Rxf4+ Kg6 59.Ke4 Ra6 60.Rf2 Ra4 61.d6 Ra5 62.h4 Rb5
63.Rb2 Rxb2 64.Bxb2 Kf7 65.Kf5 Nb6 66.Bf6 Ke8 67.Bd4 Nd7 68.Kg6 Nf8+ 69.Kxh5 Kd7
70.Bg7 Ne6 71.Be5 Nd8 72.Kg6 Ke6 73.Bf4 Nf7 74.h5  1-0